Skoczkowie narciarscy - nagła śmierć - Statystyki

Ogólne statystyki
  • Ten quiz został rozwiązany 236 razy
  • Średni wynik to 13 z 15
Answers on the Grid
Answers color-coded by a green-red scale on the quiz's grid according to % correct below.
Piotr Żyła
Erling Haaland
Stefan Kraft
Dawid Kubacki
Johannes Høsflot Klæbo
Adam Małysz
Ole Einar Bjørndalen
Alexander Bolshunov
Kamil Stoch
Andreas Wellinger
Daniel Tschofenig
Noriaki Kasai
Dirk Nowitzki
Simon Ammann
Luka Dončić
Thomas Morgenstern
Janne Ahonen
Teemu Pukki
Eduardo Camavinga
Peter Prevc
Gregor Schlierenzauer
Robert Kranjec
Emil Hegle Svendsen
Marek Hamšík
Martin Škrtel
Matti Hautamäki
Joel Pohjanpalo
Wallace de Souza
 
Statystyki odpowiedzi
Odpowiedź % Poprawnych
Piotr Żyła
98%
Dawid Kubacki
94%
Stefan Kraft
93%
Kamil Stoch
91%
Adam Małysz
89%
Peter Prevc
86%
Noriaki Kasai
83%
Andreas Wellinger
82%
Gregor Schlierenzauer
82%
Simon Ammann
82%
Robert Kranjec
80%
Thomas Morgenstern
79%
Janne Ahonen
78%
Daniel Tschofenig
72%
Matti Hautamäki
70%
Nie znaleziono quizów pasujących do podanych kryteriów
Rozkład punktacji
Procent ludzi z każdym wynikiem
Percentyl według liczby udzielonych odpowiedzi
Twoja historia wyników
Nie rozwiązałeś tego quizu